| 000 | 01944nam0a2200373 4500 | ||
|---|---|---|---|
| 001 | RU\NLR\bibl\537740 | ||
| 005 | 20260407100601.0 | ||
| 010 |
_a5-87237-353-8 _9100 |
||
| 021 |
_aRU _b2004-22104 _91120 |
||
| 035 | _a(NLR Aleph) 000530002 | ||
| 090 |
_a1346999 _c1346999 |
||
| 100 | _a20040707d2003 |||y0rusy50 ca | ||
| 101 | 0 | _arus | |
| 102 | _aRU | ||
| 105 | _ay ||||||||| | ||
| 200 | 1 |
_aГендерная теория и историческое знание _eматериалы Междунар. науч.-практ. конф., [24-25 сент. 2003 г. _fотв. ред.: А. А. Павлов] |
|
| 210 |
_aСыктывкар _cСыктГУ _d2003 |
||
| 215 |
_a171 с. _d20 |
||
| 300 | _aВ надзаг.: М-во образования Рос. Федерации, Сыктывк. гос. ун-т, Сыктывк. отд-ние Рос. о-ва интеллектуал. истории | ||
| 320 | _aБиблиогр. в конце отд. докл. | ||
| 320 | _aАлф. указ.: с. 168 | ||
| 606 | 0 |
_aВсеобщая история _jСъезды, совещания и т.п. _xГендерный аспект _92254336 _3RU\NLR\auth\661352022 |
|
| 686 | _aТ3(0)я431 | ||
| 702 | 1 |
_4340 _8rus _7ca _aПавлов _bА. А. _f1965- _cканд. ист. наук _gАндрей Альбертович _3RU\NLR\AUTH\7733056 _916064 |
|
| 711 | 1 | 2 |
_a"Гендерная теория и историческое знание", международная научно-практическая конференция _f2003 _eСыктывкар _3RU\NLR\AUTH\8810054821 _9610171 |
| 712 | 0 | 2 |
_4475 _aСыктывкарский государственный университет _9434212 _3RU\NLR\AUTH\889968910 |
| 801 | 0 |
_aRU _bNLR _c20040707 _gPSBO |
|
| 801 | 1 |
_aRU _bNLR _c20040707 |
|
| 942 | _cBOOK | ||
| 980 | _aNB | ||
| 980 | _aNBR | ||